| 000 | 00638nam a2200205Ia 4500 | ||
|---|---|---|---|
| 999 |
_c41859 _d41859 |
||
| 003 | GCL | ||
| 005 | 20240530103716.0 | ||
| 008 | 140319s9999 xx 000 0 ara d | ||
| 040 |
_aGCL / _cGCL |
||
| 082 | 0 | 4 |
_a150.1952 _bف م |
| 100 | 1 | _aفرويد ، سيجموند | |
| 245 | 1 | 0 |
_aمقدمة فى التحليل النفسى (هديه من الآديب عبدالفتاح الجمل) / _cسيجمند فرويد |
| 300 | _a156 | ||
| 490 |
_aكتاب _v0 |
||
| 650 | 0 | 4 | _aعلم النفس |
| 650 | 0 | 4 | _aالتحليل النفسى |
| 650 | 0 | 4 | _aمذهب فرويد |
| 700 | 1 | _aاسحق رمزى (مترجم) | |
| 942 |
_2ddc _cBK |
||